Geography Quiz

Random Geography or World Quiz

'B' Countries on a Map Quiz Stats

Quiz Updated Dec 21, 2014

Challenge
Share
Tweet
Score 0/17 Timer 03:00
35 Plays Today
% Correct
Brazil
95.2%
Belgium
92.3%
Bolivia
90.2%
Bahamas
85.2%
Botswana
83.6%
Belarus
83.6%
Belize
82.7%
Bangladesh
81.2%
Bulgaria
77.9%
% Correct
Bhutan
77.6%
Barbados
76.8%
Bosnia and Herzegovina
75.6%
Bahrain
74.6%
Benin
72.2%
Brunei
69.3%
Burundi
68.3%
Burkina Faso
65.7%

You're not logged in!

Compare scores with friends on all Sporcle quizzes.
Join for Free
OR
Log In

You Might Also Like...

Show Comments

Extras

Top Quizzes Today


Score Distribution

Your Account Isn't Verified!

In order to create a playlist on Sporcle, you need to verify the email address you used during registration. Go to your Sporcle Settings to finish the process.

Report this User

Report this user for behavior that violates our Community Guidelines.

Details: